Otelo (Record no. 33303)

MARC details
000 -LEADER
fixed length control field 00764cam a22002531 4500
001 - CONTROL NUMBER
control field he 68001436
003 - CONTROL NUMBER IDENTIFIER
control field DLC
005 - DATE AND TIME OF LATEST TRANSACTION
control field 20260227111458.0
008 - FIXED-LENGTH DATA ELEMENTS--GENERAL INFORMATION
fixed length control field 870223s1967 is 000 0 hebo
010 ## - LIBRARY OF CONGRESS CONTROL NUMBER
LC control number he 68001436
035 ## - SYSTEM CONTROL NUMBER
System control number (OCoLC)15228736
040 ## - CATALOGING SOURCE
Original cataloging agency DLC
Transcribing agency CU
Modifying agency OCoLC
-- DLC
041 1# - LANGUAGE CODE
Language code of text/sound track or separate title heb
Language code of original eng
050 00 - LIBRARY OF CONGRESS CALL NUMBER
Classification number PR2796.H4
Item number O84
100 1# - MAIN ENTRY--PERSONAL NAME
Personal name Shakespeare, William,
Dates associated with a name 1564-1616.
240 10 - UNIFORM TITLE
Uniform title Othello.
Language of a work Hebrew
245 10 - TITLE STATEMENT
Title Otelo
Statement of responsibility, etc. [me-et] Ṿilyam Sheḳspir. ʻIvrit bi-yede Sh. Ts. Daṿidoṿits.
260 ## - PUBLICATION, DISTRIBUTION, ETC.
Place of publication, distribution, etc. Yerushalayim,
Date of publication, distribution, etc. Ḳiryat-Sefer
-- [1967?]
300 ## - PHYSICAL DESCRIPTION
Extent 143 p.
Dimensions 20 cm.
500 ## - GENERAL NOTE
General note Translation of Othello.
500 ## - GENERAL NOTE
General note Vocalized.
650 #0 - SUBJECT ADDED ENTRY--TOPICAL TERM
Topical term or geographic name entry element Othello (Fictitious character)
Form subdivision Drama.
700 1# - ADDED ENTRY--PERSONAL NAME
Personal name Davidowitz, Harry Soloman,
Dates associated with a name 1887-

No items available.

Powered by Koha